| 000 | 00514nam a2200145 a 4500 | ||
|---|---|---|---|
| 001 | 000038989 | ||
| 005 | 20201002031441.0 | ||
| 008 | 130510s2003 dr 000 0 spa d | ||
| 040 |
_aDO-SdBNP _bspa _cBNPHU |
||
| 110 | 1 |
_aRepública Dominicana _bSecretaría de Finanzas _965236 |
|
| 240 | 1 | 0 | _a[Leyes, etc.] |
| 245 | 1 | 0 |
_aActos del poder legislativo : _bley no. 146-02 sobre seguros y finanzas de la República Dominicana. |
| 260 |
_aSanto Domingo : _bSuperintendencia de Seguros, _c2003. |
||
| 300 |
_a187 p. ; _c22 cm. |
||
| 999 |
_c38479 _d38479 |
||